00481nam a2200193 a 4500001001300000003000900013005001700022008004100039020000900080082001900089100002100108245001900129260004100148300000900189500003500198505001300233650002000246700002100266nice12345678IN_TiNIC20260116011752.0050524s1970 dela grp 000 0 urd  ac1200a891.4393bSID1 aSiddiqi, Shawkat aKhuda Ki Basti aDelhibIteqad Publishing Housec1970 a576p aincludes index and biblioraphy2 aAppendix aUrdu-Literature1 aSiddiqi, Shawkat